| 000 | 00758cam a22002777a 4500 | ||
|---|---|---|---|
| 001 | 14379332 | ||
| 003 | NUST | ||
| 005 | 20230327104001.0 | ||
| 008 | 060516s2006 pk 000 d urd | ||
| 010 | _a 2006334445 | ||
| 020 | _a9693518195 | ||
| 025 | _aP-U-2006334445 ; 10 ; 11 | ||
| 040 |
_aDLC _cDLC _dDLC |
||
| 042 | _alcode | ||
| 050 | 0 | 0 | _aMLCSA 2006/01071 (P) |
| 082 | _a891.4392,ASH | ||
| 100 | 0 |
_aAshfāq Aḥmad, _d1925-2004. _9639 |
|
| 245 | 1 | 0 |
_aShehr-i-Arzoo / _cAshfaq Ahmad. |
| 260 |
_aLahore : _bSang-i Mīl Pablīkeshanz, _c2006. |
||
| 300 |
_a375 p. ; _c22 cm. |
||
| 500 | _aDrama. | ||
| 546 | _aIn Urdu. | ||
| 906 |
_a7 _bcbc _corigode _d4 _encip _f20 _gy-gencatlg |
||
| 942 |
_2ddc _cBK _k891.4392,ASH |
||
| 999 |
_c594325 _d594325 |
||